000 00483nam a2200169 i 4500
001 83480
003 ES-MaACL
005 20230906174832.0
007 t|
008 041117s1981 sp ||||1| spa d
245 0 0 _aIntroducción al análisis real /
_cR.M. Barbolla García... [et al.].
250 _a[2ª ed.].
260 _a[Madrid] :
_bAlhambra,
_c[1981]
300 _aVII, 421 p. ;
_c24 cm.
700 1 _aBarbolla García, R. M.
_925468
852 _aES-MaACL
_jL-1790
_bR.102821
999 _c83480
_d83480